000 01714nam a2200397 a 4500
001 ebr10690514
003 CaPaEBR
006 m u
007 cr cn|||||||||
008 130114s2013 dcuab sb 000 0 eng d
010 _z 2012047950
020 _z9780821397916 (alk. paper)
020 _z9780821397923 (e-book)
040 _aCaPaEBR
_cCaPaEBR
035 _a(OCoLC)843079801
043 _ae------
_aac-----
050 1 4 _aHC240.9.E5
_bD45 2013eb
082 0 4 _a363.738/745
_223
100 1 _aDeichmann, Uwe.
245 1 0 _aGrowing green
_h[electronic resource] :
_bthe economic benefits of climate action /
_cUwe Deichmann and Fan Zhang.
260 _aWashington, D.C. :
_bWorld Bank,
_c2013.
300 _a385 p. :
_bcol. ill., col. maps.
490 1 _aEastern Europe and Central Asia reports
504 _aIncludes bibliographical references.
505 0 _apt. 1. Priorities for a low-carbon transformation -- pt. 2. Promoting growth and ensuring social inclusion -- pt. 3. Sectoral priorities.
533 _aElectronic reproduction.
_bPalo Alto, Calif. :
_cebrary,
_d2013.
_nAvailable via World Wide Web.
_nAccess may be limited to ebrary affiliated libraries.
650 0 _aEnvironmental policy
_xEconomic aspects
_zEurope.
650 0 _aEnvironmental policy
_xEconomic aspects
_zAsia, Central.
650 0 _aClimatic changes
_xEconomic aspects.
650 0 _aClimatic changes
_xGovernment policy.
655 7 _aElectronic books.
_2local
710 2 _aWorld Bank.
710 2 _aebrary, Inc.
830 0 _aEastern Europe and Central Asia reports.
856 4 0 _uhttp://site.ebrary.com/lib/rucke/Doc?id=10690514
_zAn electronic book accessible through the World Wide Web; click to view
999 _c11099
_d11099